Necesidades de investigación en estudios de la mujer en Centroamérica /

En la región centroamericana año tras año han aumentado las investigaciones centradas en la problemática de las mujeres Se propone en este estudio el acercamiento entre la academia y las organizaciones de base, planteando la necesidad de fomentar el intercambio de planteamientos tanto a nivel region...

Mô tả đầy đủ

Đã lưu trong:
Chi tiết về thư mục
Tác giả chính: González Suárez, Mirta (Autora)
Định dạng: Sách
Ngôn ngữ:Spanish
Những chủ đề:
Các nhãn: Thêm thẻ
Không có thẻ, Là người đầu tiên thẻ bản ghi này!

MARC

LEADER 00000nam a22000007a 4500
003 cru IIS
005 20220627113221.0
007 ta
008 220627b |||||||| |||| 00| 0 spa d
040 |c cru IIS 
100 1 |9 10494  |a González Suárez, Mirta  |e Autora 
245 1 |a Necesidades de investigación en estudios de la mujer en Centroamérica /  |c Mirta González Suárez 
300 |a 53 páginas 
500 |a Colección Centroamérica 
520 |a En la región centroamericana año tras año han aumentado las investigaciones centradas en la problemática de las mujeres Se propone en este estudio el acercamiento entre la academia y las organizaciones de base, planteando la necesidad de fomentar el intercambio de planteamientos tanto a nivel regional como intersocial. Al efecto anterior se realiza una consulta dando la palabra a los grupos que trabajan con mujeres en Costa Rica, El Salvador, Panamá, honduras, Guatemala y Nicaragua, palabra que se constituye en guía de acción para la investigación Se abre así una gama de posibilidades para futuros trabajos, lineamiento indispensable para el desarrollo de trabajos surgidos de necesidades imperiosas y por lo tanto, comprometidos con el cambio social. REV/SCM 
650 0 |9 88  |a MUJERES 
650 0 |9 75  |a CIENCIAS SOCIALES 
650 0 |9 4509  |a ANALISIS DE GENERO 
650 0 |9 2449  |a SALUD 
650 0 |9 133  |a VIOLENCIA 
650 0 |9 91  |a FAMILIA 
650 0 |9 944  |a EDUCACION 
651 0 |9 308  |a CENTROAMERICA 
773 0 |0 18811  |9 7344  |a Universidad de Costa Rica. Instituto de Investigaciones en Psicología  |d San José, C.R.: Editorial de la UCR  |o 07080  |t Actualidades en Psicología / 
942 |2 ddc  |c PP 
999 |c 44335  |d 44335